Studies on storge stability of irradiated potatoes from biochemical and technological point of view (Record no. 7091)

MARC details
000 -LEADER
fixed length control field 01035cam a2200253Ia 4500
001 - CONTROL NUMBER
control field u26607
003 - CONTROL NUMBER IDENTIFIER
control field SIRSI
007 - PHYSICAL DESCRIPTION FIXED FIELD--GENERAL INFORMATION
fixed length control field heabmb---bacu
008 - FIXED-LENGTH DATA ELEMENTS--GENERAL INFORMATION
fixed length control field 050126s1980 ua a bb 000 0 eng d
040 ## - CATALOGING SOURCE
Original cataloging agency EAL
090 ## - LOCALLY ASSIGNED LC-TYPE CALL NUMBER (OCLC); LOCAL CALL NUMBER (RLIN)
Classification number (OCLC) (R) ; Classification number, CALL (RLIN) (NR) Thesis
Local cutter number (OCLC) ; Book number/undivided call number, CALL (RLIN) S-8122
100 1# - MAIN ENTRY--PERSONAL NAME
Personal name Nassef,Ashga Mahmoud El-Adawi.
245 10 - TITLE STATEMENT
Title Studies on storge stability of irradiated potatoes from biochemical and technological point of view
Medium [microform]/
Statement of responsibility, etc. Ashga Mahmoud El-Adawi Nassef.
246 15 - VARYING FORM OF TITLE
Title proper/short title دراسات علي قدرة احتفاظ درنات البطاطس المعاملة بالأشعاع علي صفات التخزين.
300 ## - PHYSICAL DESCRIPTION
Extent 70,2Leaves :
Other physical details ill. ;
Dimensions 30 cm.
502 ## - DISSERTATION NOTE
Dissertation note Thesis (M.S.)--Mansoura University,1980
504 ## - BIBLIOGRAPHY, ETC. NOTE
Bibliography, etc. note Includes bibliographical references (leaves 60-70 )
533 ## - REPRODUCTION NOTE
Type of reproduction Microfiche.
Place of reproduction Cairo, Egypt :
Agency responsible for reproduction ASUNET,
Physical description of reproduction 2 microfiches:negative.
546 ## - LANGUAGE NOTE
Language note Summary in Arabic.
596 ## -
-- 1
650 #0 - SUBJECT ADDED ENTRY--TOPICAL TERM
Topical term or geographic name entry element Potatoes
General subdivision Radiation preservation.
650 #0 - SUBJECT ADDED ENTRY--TOPICAL TERM
Topical term or geographic name entry element Potatoes
General subdivision Storage.
942 ## - ADDED ENTRY ELEMENTS (KOHA)
Koha item type Microfiche
Source of classification or shelving scheme Library of Congress Classification
Holdings
Withdrawn status Lost status Source of classification or shelving scheme Damaged status Not for loan Home library Current library Date acquired Total Checkouts Full call number Barcode Date last seen Copy number Price effective from Koha item type
    Library of Congress Classification     Main Main 02/19/2018   THESIS S-8122 27561-1001 02/19/2018 1 02/19/2018 Microfiche

Home | About ENAL | Collections | Services | Activities | Calendar | Contact us

7 Nadi El Sayed St., Giza, Egypt | Phone:02-33351121 +02-33351313 | 
| Email: enalegypt@gmail.com